House in the Answers - Statistics

General Stats
  • This quiz has been taken 56,399 times
    22,115 since last reset
  • The average score is 13 of 20
Answer Stats
Clue Answer % Correct
U.S. President's residence White House
100%
Building for growing plants Greenhouse
89%
Where ghosts live Haunted house
88%
Luxury top floor apartment Penthouse
86%
Beats a flush but not four of a kind Full house
81%
Where Barbie lives Doll house
77%
If you live in one, don't throw stones Glass house
77%
Harbor beacon Lighthouse
70%
Edible Christmas decoration Gingerbread house
68%
Houses of British Parliament House of Commons
66%
Current royal dynasty in the UK House of Windsor
66%
Houses of British Parliament House of Lords
65%
Large building for storing things Warehouse
63%
Fido's abode Dog house
60%
It's considered very bad if a fox gets inside Henhouse
58%
Where criminals lie low Safe house
54%
1978 fraternity movie starring John Belushi Animal House
48%
Milan's "La Scala" is a famous one of these Opera House
43%
Home for Ewoks Tree house
38%
"She's mighty mighty / just lettin' it all hang out" Brick House
27%
No matching quizzes found
Score Distribution
Percent of People with Each Score
Percentile by Number Answered
Your Score History
You have not taken this quiz since the last reset